North American Sports Teams 1963-64 - Statistics

General Stats
  • This quiz has been taken 19 times
  • The average score is 61 of 73
Answer Stats
Hint Answer % Correct
British Columbia CFL: BC Lions
100%
Illinois NFL: Chicago Bears
100%
Illinois NHL: Chicago Black Hawks
100%
Illinois MLB: Chicago Cubs
100%
Illinois MLB: Chicago White Sox
100%
Ohio MLB: Cincinnati Reds
100%
Texas NFL: Dallas Cowboys
100%
Michigan NFL: Detroit Lions
100%
Michigan NBA: Detroit Pistons
100%
Michigan NHL: Detroit Red Wings
100%
Michigan MLB: Detroit Tigers
100%
Missouri MLB: Kansas City Athletics
100%
California MLB: Los Angeles Angels
100%
California NFL: Los Angeles Rams
100%
Minnesota NFL: Minnesota Vikings
100%
California AFL: Oakland Raiders
100%
Pennsylvania NBA: Philadelphia 76ers
100%
Pennsylvania NFL: Philadelphia Eagles
100%
California AFL: San Diego Chargers
100%
California NFL: San Francisco 49ers
100%
California MLB: San Francisco Giants
100%
Missouri NBA: St. Louis Hawks
100%
Ontario NHL: Toronto Maple Leafs
100%
DC NFL: Washington Redskins
100%
Maryland NFL: Baltimore Colts
94%
Maryland MLB: Baltimore Orioles
94%
Massachusetts NHL: Boston Bruins
94%
Massachusetts NBA: Boston Celtics
94%
Massachusetts MLB: Boston Red Sox
94%
Ohio NFL: Cleveland Browns
94%
Colorado AFL: Denver Broncos
94%
Wisconsin NFL: Green Bay Packers
94%
California MLB: Los Angeles Dodgers
94%
California NBA: Los Angeles Lakers
94%
Minnesota MLB: Minnesota Twins
94%
Quebec NHL: Montreal Canadiens
94%
New York NFL: New York Giants
94%
New York AFL: New York Jets
94%
New York NBA: New York Knicks
94%
New York NHL: New York Rangers
94%
New York MLB: New York Yankees
94%
Pennsylvania MLB: Philadelphia Phillies
94%
Pennsylvania MLB: Pittsburgh Pirates
94%
Pennsylvania NFL: Pittsburgh Steelers
94%
Missouri NFL: St. Louis Cardinals
94%
Missouri MLB: St. Louis Cardinals
94%
DC MLB: Washington Senators
94%
Massachusetts AFL: Boston Patriots
88%
New York AFL: Buffalo Bills
88%
Ohio MLB:` Cleveland Indians
88%
California NBA: San Francisco Warriors
88%
Maryland NBA: Baltimore Bullets
82%
Texas AFL: Houston Oilers
82%
Missouri AFL: Kansas City Chiefs
82%
Ontario CFL: Toronto Argonauts
82%
Manitoba CFL: Winnipeg Blue Bombers
82%
Ohio NBA: Cincinnati Royals
76%
Quebec CFL: Montreal Alouettes
76%
Ontario CFL: Ottawa Rough Riders
76%
Saskatchewan CFL: Saskatchewan Roughriders
76%
Alberta CFL: Edmonton Eskimos
71%
Texas MLB: Houston Colt .45s
71%
Wisconsin MLB: Milwaukee Braves
71%
Alberta CFL: Calgary Stampeders
65%
Ontario CFL: Hamilton Tiger-Cats
65%
Pennsylvania ASL: Ukrainian Nationals
24%
Massachusetts ASL: Boston Metros
18%
New Jersey ASL: Falcons-Warsaw
18%
New York ASL: New York Hakoah-Americans
18%
Pennsylvania ASL: Uhrik Truckers
18%
New York ASL: Boca Juniors
12%
New Jersey ASL: N.B. Hungarian Americans
12%
New Jersey ASL: Newark Ukrainian Sitch
12%
No matching quizzes found
Score Distribution
Percent of People with Each Score
Percentile by Number Answered
Your Score History
You have not taken this quiz